MARC details
| 000 -CABECERA |
| campo de control de longitud fija |
01543pam a22003131i 4500 |
| 001 - NÚMERO DE CONTROL |
| campo de control |
991010967079707026 |
| 003 - IDENTIFICADOR DEL NÚMERO DE CONTROL |
| campo de control |
UkOxU |
| 005 - FECHA Y HORA DE LA ÚLTIMA TRANSACCIÓN |
| campo de control |
20250923100558.0 |
| 006 - CÓDIGOS DE INFORMACIÓN DE LONGITUD FIJA--CARACTERÍSTICAS DEL MATERIAL ADICIONAL |
| campo de control de longitud fija |
m || d | |
| 007 - CAMPO FIJO DE DESCRIPCIÓN FÍSICA--INFORMACIÓN GENERAL |
| campo de control de longitud fija |
cr ||||||||||| |
| 008 - DATOS DE LONGITUD FIJA--INFORMACIÓN GENERAL |
| campo de control de longitud fija |
190214s2019 enk o 000|0|eng|d |
| 020 ## - NÚMERO INTERNACIONAL ESTÁNDAR DEL LIBRO |
| Número Internacional Estándar del Libro |
9780751577884 |
| 035 ## - NÚMERO DE CONTROL DEL SISTEMA |
| Número de control de sistema |
021652762-44oxf_inst |
| 035 ## - NÚMERO DE CONTROL DEL SISTEMA |
| Número de control de sistema |
(UkOxU)021652762 |
| 035 ## - NÚMERO DE CONTROL DEL SISTEMA |
| Número de control de sistema |
(Uk)019348975 |
| 037 ## - FUENTE DE ADQUISICIÓN |
| Número de adquisición |
HachetteUK722782 |
| Fuente del número de adquisición |
Ingram Content Group |
| 040 ## - FUENTE DE LA CATALOGACIÓN |
| Centro catalogador/agencia de origen |
StDuBDS |
| Lengua de catalogación |
eng |
| Normas de descripción |
rda |
| -- |
pn |
| Centro/agencia transcriptor |
StDuBDS |
| Centro/agencia modificador |
Uk |
| -- |
UkOxU |
| 041 ## - CÓDIGO DE LENGUA |
| Código de lengua del texto/banda sonora o título independiente |
eng |
| 042 ## - CÃDIGO DE AUTENTICACIÃN |
| Código de autenticación |
ukblsr |
| 050 ## - SIGNATURA TOPOGRÁFICA DE LA BIBLIOTECA DEL CONGRESO |
| Número de clasificación |
HN18.3 |
| Número de documento/Ítem |
M38 2019 |
| 100 #0 - ENTRADA PRINCIPAL--NOMBRE DE PERSONA |
| Nombre de persona |
Martin, Gina |
| Término indicativo de función/relación |
author |
| 9 (RLIN) |
25947 |
| 245 10 - MENCIÓN DE TÍTULO |
| Título |
Be the change |
| Mención de responsabilidad, etc. |
/ Gina Martin. |
| 264 #1 - PRODUCCIÓN, PUBLICACIÓN, DISTRIBUCIÓN, FABRICACIÓN Y COPYRIGHT |
| Producción, publicación, distribución, fabricación y copyright |
London : |
| Nombre del de productor, editor, distribuidor, fabricante |
Sphere, |
| Fecha de producción, publicación, distribución, fabricación o copyright |
2019. |
| 300 ## - DESCRIPCIÓN FÍSICA |
| Extensión |
293 pages : |
| Otras características físicas |
illustrations, charts (black and white) ; |
| Dimensiones |
22 cm. |
| 520 ## - SUMARIO, ETC. |
| Sumario, etc. |
Without any legal or political experience, I changed the law and made upskirting illegal in eighteen months. But this book is not about changing the law. It's not about me. This is yours. It's your handbook, your road map and your toolkit for pushing for change at absolutely any level. From using social media to gain support and to getting pro bono legal support, to regaining your confidence after a perceived 'failure' (hint: there is no such thing), I wrote this book to make sure you believe in your voice, feel ready to put yourself out there and know how to start making things happen. Because if I can do it, so can you. |
| 588 ## - NOTA DE FUENTE DE LA DESCRIPCIÓN |
| Nota de fuente de la descripción |
Description based on CIP data; resource not viewed. |
| 650 #0 - PUNTO DE ACCESO ADICIONAL DE MATERIA--TÉRMINO DE MATERIA |
| Término de materia o nombre geográfico como elemento de entrada |
Social action |
| 9 (RLIN) |
25650 |
| 942 ## - ELEMENTOS DE ENTRADA AGREGADA (KOHA) |
| Fuente del sistema de clasificación o colocación |
Clasificación de Library of Congress |